000 01332cam a2200373 a 4500
001 15249949
003 OSt
005 20180116183013.0
008 080407s2008 enk b 001 0 eng
010 _a 2008926557
015 _aGBA852221
_2bnb
016 7 _a014575716
_2Uk
020 _a9781845429744 (hbk.)
020 _a1845429745 (hbk.)
035 _a(OCoLC)ocn186976366
040 _aUKM
_cUKM
_dYDXCP
_dBTCTA
_dBAKER
_dAU@
_dDLC
042 _aukblcatcopy
_alccopycat
050 0 0 _aHB615
_b.C87 2008
082 0 4 _a338.04094 AID 2008
_222
100 _aRuta Aidis
245 0 4 _aThe cutting edge :
_binnovation and entrepreneurship in New Europe /
_cedited by Ruta Aidis and Friederike Welter.
260 _aCheltenham :
_bEdward Elgar,
_cc2008.
300 _axi, 178 p. ;
_c24 cm.
504 _aIncludes bibliographical references and index.
650 0 _aEntrepreneurship
_zEuropean Union countries.
650 0 _aBusiness enterprises
_zEuropean Union countries.
650 0 _aEntrepreneurship
_zEuropean Union countries
_vCase studies.
650 0 _aBusiness enterprises
_zEuropean Union countries
_vCase studies.
700 1 _aAidis, Ruta.
700 1 _aWelter, Friederike.
906 _a7
_bcbc
_ccopycat
_d2
_encip
_f20
_gy-gencatlg
942 _2ddc
_cBK
999 _c350343
_d350343